| 000 | 00356nam a22001337a 4500 | ||
|---|---|---|---|
| 005 | 20250526145507.0 | ||
| 008 | 250526b |||||||| |||| 00| 0 eng d | ||
| 050 |
_aDT 511 _b.W28 WAR |
||
| 100 | _aWARD, W. E. F | ||
| 245 |
_aA HISTORY OF GHANA _cW. E. F. WARD |
||
| 260 |
_aLONDON _bGEORGE ALLEN AND UNWIN LTD _cc1958 |
||
| 300 | _a434p;. | ||
| 942 |
_2lcc _cBK _n0 |
||
| 999 |
_c5959 _d5959 |
||